[Event "HUN-chT2 Barcza 1112 "]
[Site "Hungary"]
[Date "2011.11.13"]
[Round "3"]
[White "Simai, Mate"]
[Black "Mihalko, Jozsef"]
[Result "1/2-1/2"]
[WhiteElo "2109"]
[BlackElo "2288"]
[PlyCount "20"]
[EventDate "2011.09.25"]
[EventType "team-tourn"]
[EventRounds "11"]
[EventCountry "HUN"]
[SourceTitle "EXT 2013"]
[Source "ChessBase"]
[SourceDate "2012.11.22"]
[SourceVersion "1"]
[SourceVersionDate "2012.11.22"]
[SourceQuality "1"]
[WhiteTeam "Sarospatak"]
[BlackTeam "Piremon"]
[WhiteTeamCountry "HUN"]
[BlackTeamCountry "HUN"]

1. d4 f5 2. Nf3 Nf6 3. g3 e6 4. Bg2 Be7 5. 0-0 0-0 6. c4 d5 7. b3 c6 8. Ne5 Nbd7 9. Nd3 Qe8 10. f4 Ne4 1/2-1/2

[Event "HUN-chT2 Barcza 0910"]
[Site "Hungary"]
[Date "2010.02.28"]
[Round "7.1"]
[White "Molnar, Peter"]
[Black "Mihalko, Jozsef"]
[Result "1-0"]
[WhiteElo "2273"]
[BlackElo "2293"]
[PlyCount "89"]
[EventDate "2009.11.08"]
[EventType "team-tourn"]
[EventRounds "11"]
[EventCountry "HUN"]
[SourceTitle "EXT 2011"]
[Source "ChessBase"]
[SourceDate "2010.11.26"]
[SourceVersion "1"]
[SourceVersionDate "2010.11.26"]
[SourceQuality "1"]
[WhiteTeam "Edeleny"]
[BlackTeam "Piremon"]
[WhiteTeamCountry "HUN"]
[BlackTeamCountry "HUN"]

1. d4 e6 2. Nf3 b6 3. g3 Bb7 4. Bg2 f5 5. 0-0 Nf6 6. c4 c5 7. d5 exd5 8. Nh4 g6 9. Nc3 Nc6 10. Nxd5 Nxd5 11. Bxd5 Qf6 12. Nf3 h6 13. Rb1 Bg7 14. a3 0-0-0 15. b4 d6 16. Qa4 Ne7 17. Qxa7 Nxd5 18. cxd5 Qf7 19. Qxb6 Qc7 20. Qxc7+ Kxc7 21. bxc5 dxc5 22. Bf4+ Kc8 23. d6 g5 24. Be5 Bxf3 25. Bxg7 Bxe2 26. Bxh8 Bxf1 27. d7+ Rxd7 28. Kxf1 Kc7 29. a4 Kc6 30. a5 Ra7 31. Ra1 Kb5 32. a6 Kb4 33. Ke2 c4 34. Bd4 Ra8 35. a7 c3 36. Rb1+ Kc4 37. Rb8 Rxa7 38. Bxa7 g4 39. Be3 h5 40. Rc8+ Kd5 41. Rxc3 Ke4 42. Rc4+ Ke5 43. Kd3 Kd5 44. Rc5+ Ke6 45. Bf4 1-0

[Event "HUN-chT2 Barcza 0910"]
[Site "Hungary"]
[Date "2010.02.14"]
[Round "6.1"]
[White "Mihalko, Jozsef"]
[Black "Cselenyi, Balazs"]
[Result "1/2-1/2"]
[WhiteElo "2293"]
[BlackElo "2245"]
[PlyCount "61"]
[EventDate "2009.11.08"]
[EventType "team-tourn"]
[EventRounds "11"]
[EventCountry "HUN"]
[SourceTitle "EXT 2011"]
[Source "ChessBase"]
[SourceDate "2010.11.26"]
[SourceVersion "1"]
[SourceVersionDate "2010.11.26"]
[SourceQuality "1"]
[WhiteTeam "Piremon"]
[BlackTeam "Debrecen Sakkbaratok"]
[WhiteTeamCountry "HUN"]
[BlackTeamCountry "HUN"]

1. d4 Nf6 2. e3 g6 3. Bd3 Bg7 4. f4 0-0 5. Nf3 c5 6. 0-0 d6 7. c3 Nc6 8. Bc4 Rb8 9. a4 a6 10. Na3 Bd7 11. Bd2 Na5 12. Bd3 Qe8 13. Nc4 Nxc4 14. Bxc4 b5 15. axb5 axb5 16. Bb3 Bc6 17. Be1 Ne4 18. Nd2 Ra8 19. Bc2 Rxa1 20. Qxa1 Nxd2 21. Bxd2 Qa8 22. Qxa8 Rxa8 23. f5 Bh6 24. Bb3 c4 25. Bc2 Ra2 26. Bc1 Ra1 27. Bd2 Ra2 28. Bc1 Ra1 29. Bd2 Ra2 30. Bc1 Ra1 31. Bd2 1/2-1/2

[Event "HUN-chT2 Barcza 0910"]
[Site "Hungary"]
[Date "2009.11.22"]
[Round "2.1"]
[White "Zabiak, Jozsef"]
[Black "Mihalko, Jozsef"]
[Result "0-1"]
[WhiteElo "2136"]
[BlackElo "2293"]
[PlyCount "154"]
[EventDate "2009.11.08"]
[EventType "team-tourn"]
[EventRounds "11"]
[EventCountry "HUN"]
[SourceTitle "EXT 2011"]
[Source "ChessBase"]
[SourceDate "2010.11.26"]
[SourceVersion "1"]
[SourceVersionDate "2010.11.26"]
[SourceQuality "1"]
[WhiteTeam "SSASSE"]
[BlackTeam "Piremon"]
[WhiteTeamCountry "HUN"]
[BlackTeamCountry "HUN"]

1. e4 c6 2. d4 d5 3. exd5 cxd5 4. Bd3 Nc6 5. Nf3 Bg4 6. c3 e6 7. Bf4 Bd6 8. Bxd6 Qxd6 9. Nbd2 Nf6 10. 0-0 0-0 11. h3 Bh5 12. Re1 Ne7 13. Qc2 Bg6 14. Bxg6 Nxg6 15. Ne5 Nd7 16. Ndf3 Ndxe5 17. dxe5 Qc7 18. h4 f6 19. exf6 Rxf6 20. Ng5 Nf8 21. Rad1 Rd8 22. Qe2 a6 23. Rd3 Rd6 24. Qe5 Rc6 25. Qe2 Rb6 26. Rf3 Rxf3 27. Qxf3 h6 28. Nh3 Rxb2 29. Nf4 Rb6 30. g4 Rc6 31. Re3 Qf7 32. h5 Rc4 33. Ne2 Qxf3 34. Rxf3 Rxg4+ 35. Kf1 Ra4 36. Nc1 Nd7 37. Re3 Kf7 38. Nb3 e5 39. Rf3+ Ke7 40. Rg3 Kf7 41. Rd3 Nf6 42. Nc5 Rxa2 43. Nxb7 e4 44. Rd1 Nxh5 45. Nd8+ Kf6 46. Nc6 Nf4 47. Nb4 Ra5 48. Ke1 Rc5 49. c4 Rxc4 50. Nxd5+ Nxd5 51. Rxd5 Ra4 52. Ke2 g6 53. Ke3 h5 54. Rc5 g5 55. f4 exf3 56. Kxf3 h4 57. Rc6+ Kf5 58. Rc5+ Kg6 59. Kg2 Kh5 60. Kh2 Kg4 61. Rc2 a5 62. Rg2+ Kh5 63. Rc2 Ra3 64. Rc5 a4 65. Rd5 Rb3 66. Ra5 a3 67. Rc5 h3 68. Rc4 g4 69. Ra4 Kh4 70. Rc4 Rb2+ 71. Kh1 a2 72. Ra4 Kg5 73. Ra5+ Kf6 74. Ra6+ Ke5 75. Ra5+ Kd6 76. Ra6+ Kc5 77. Ra5+ Kb4 0-1

[Event "HUN-chT2 Barcza 0809"]
[Site "Hungary"]
[Date "2008.11.02"]
[Round "2.1"]
[White "Dobai, Szabolcs"]
[Black "Mihalko, Jozsef"]
[Result "1/2-1/2"]
[WhiteElo "2148"]
[BlackElo "2313"]
[PlyCount "105"]
[EventDate "2008.10.26"]
[EventType "team-tourn"]
[EventRounds "11"]
[EventCountry "HUN"]
[SourceTitle "EXT 2010"]
[Source "ChessBase"]
[SourceDate "2010.11.25"]
[SourceVersion "1"]
[SourceVersionDate "2010.11.25"]
[SourceQuality "1"]
[WhiteTeam "Miskolc EMSE II"]
[BlackTeam "Piremon"]
[WhiteTeamCountry "HUN"]
[BlackTeamCountry "HUN"]

1. d4 f5 2. Nc3 Nf6 3. Bg5 b6 4. Bxf6 exf6 5. e3 d5 6. Bd3 Be6 7. Qf3 Qd7 8. h4 Nc6 9. a3 Bd6 10. Nge2 Ne7 11. Nb5 c6 12. Nxd6+ Qxd6 13. 0-0-0 0-0-0 14. Nf4 Kb7 15. Kb1 b5 16. Qe2 Bd7 17. Qd2 Nc8 18. Be2 Qc7 19. Nd3 Nd6 20. Nc5+ Ka8 21. Bd3 Nb7 22. Nxb7 Kxb7 23. g3 Be6 24. b3 a5 25. Kb2 Ra8 26. Rc1 Rhb8 27. h5 Qd6 28. Rh4 Kb6 29. Qe2 Ra7 30. Qf3 Qd7 31. Rf4 g5 32. hxg6 hxg6 33. Rh4 Qd6 34. Rh6 Rg7 35. Qf4 Qxf4 36. gxf4 Kc7 37. Ka2 Kd6 38. Rch1 Ke7 39. Rh8 Bg8 40. Ka1 Kf8 41. Kb2 Ke7 42. Kc1 Kf8 43. Kd2 Ke7 44. Rg1 Kf7 45. c4 bxc4 46. bxc4 Rb2+ 47. Kc3 Rxf2 48. cxd5 cxd5 49. Rb1 g5 50. Bxf5 gxf4 51. Rb7+ Kf8 52. Rb8+ Kf7 53. Rb7+ 1/2-1/2

[Event "HUN-chT2 Barcza 0809"]
[Site "Hungary"]
[Date "2008.10.26"]
[Round "1.1"]
[White "Mihalko, Jozsef"]
[Black "Ligart, Tamas"]
[Result "1/2-1/2"]
[WhiteElo "2313"]
[BlackElo "2247"]
[PlyCount "21"]
[EventDate "2008.10.26"]
[EventType "team-tourn"]
[EventRounds "11"]
[EventCountry "HUN"]
[SourceTitle "EXT 2010"]
[Source "ChessBase"]
[SourceDate "2010.11.25"]
[SourceVersion "1"]
[SourceVersionDate "2010.11.25"]
[SourceQuality "1"]
[WhiteTeam "Piremon"]
[BlackTeam "Edeleny"]
[WhiteTeamCountry "HUN"]
[BlackTeamCountry "HUN"]

1. d4 d5 2. e3 Nf6 3. Bd3 Nc6 4. f4 Nb4 5. Nf3 Nxd3+ 6. cxd3 Bf5 7. 0-0 e6 8. Nc3 Be7 9. Ne5 h6 10. Qb3 Qc8 11. Bd2 1/2-1/2

[Event "HUN-chT2 Barcza 0708"]
[Site "Hungary"]
[Date "2008.04.27"]
[Round "10"]
[White "Mihalko, Jozsef"]
[Black "Bunda, Viktor"]
[Result "1/2-1/2"]
[WhiteElo "2295"]
[BlackElo "2256"]
[PlyCount "25"]
[EventDate "2007.10.14"]
[EventType "team"]
[EventRounds "11"]
[EventCountry "HUN"]
[SourceTitle "EXT 2009"]
[Source "ChessBase"]
[SourceDate "2008.11.26"]
[SourceVersion "1"]
[SourceVersionDate "2008.11.26"]
[SourceQuality "1"]
[WhiteTeam "Piremon"]
[BlackTeam "Munkacs"]
[WhiteTeamCountry "HUN"]
[BlackTeamCountry "HUN"]

1. d4 Nf6 2. e3 g6 3. Bd3 Bg7 4. f4 d6 5. Nf3 c5 6. 0-0 0-0 7. c3 b6 8. Qe2 Bb7 9. Nbd2 d5 10. f5 e6 11. fxe6 fxe6 12. Ng5 Qe7 13. dxc5 1/2-1/2

[Event "HUN-chT2 Barcza 0708"]
[Site "Hungary"]
[Date "2007.11.11"]
[Round "2"]
[White "Mihalko, Jozsef"]
[Black "Csolto, Robert"]
[Result "1/2-1/2"]
[WhiteElo "2295"]
[BlackElo "2318"]
[PlyCount "27"]
[EventDate "2007.10.14"]
[EventType "team"]
[EventRounds "11"]
[EventCountry "HUN"]
[SourceTitle "EXT 2009"]
[Source "ChessBase"]
[SourceDate "2008.11.26"]
[SourceVersion "1"]
[SourceVersionDate "2008.11.26"]
[SourceQuality "1"]
[WhiteTeam "Piremon"]
[BlackTeam "Kazincbarcika II"]
[WhiteTeamCountry "HUN"]
[BlackTeamCountry "HUN"]

1. d4 Nf6 2. Bf4 e6 3. e3 c5 4. Nf3 b6 5. Bd3 Bb7 6. Nbd2 Be7 7. c3 0-0 8. e4 d6 9. 0-0 Nc6 10. Qe2 cxd4 11. cxd4 Nb4 12. Bb5 a6 13. Ba4 Bc6 14. Bxc6 1/2-1/2

[Event "HUN-chT2 Barcza 0607"]
[Site "Hungary"]
[Date "2006.12.03"]
[Round "3"]
[White "Mihalko, Jozsef"]
[Black "Adam, Zoltan"]
[Result "1-0"]
[WhiteElo "2299"]
[BlackElo "2035"]
[PlyCount "73"]
[EventDate "2006.11.12"]
[EventType "team"]
[EventRounds "11"]
[EventCountry "HUN"]
[SourceTitle "EXT 2008"]
[Source "ChessBase"]
[SourceDate "2007.11.25"]
[SourceVersion "1"]
[SourceVersionDate "2007.11.25"]
[SourceQuality "1"]
[WhiteTeam "Piremon"]
[BlackTeam "Miskolc EMSE II"]
[WhiteTeamCountry "HUN"]
[BlackTeamCountry "HUN"]

1. d4 d5 2. e3 Nf6 3. Bd3 Bg4 4. f3 Bh5 5. Ne2 Bg6 6. 0-0 e6 7. c4 Be7 8. Nbc3 Bxd3 9. Qxd3 dxc4 10. Qxc4 Nbd7 11. Qb5 Qc8 12. e4 c6 13. Qb3 0-0 14. Be3 Rd8 15. Rac1 Nb6 16. a4 Nbd7 17. Rfd1 Nf8 18. g3 Qc7 19. Kg2 Qb6 20. Qa2 a5 21. Bf2 Qa6 22. Nf4 b5 23. Nd3 b4 24. Nb1 N8d7 25. Qb3 Rac8 26. Nd2 Rc7 27. Rc2 Rdc8 28. Rdc1 Ne8 29. h4 Bd6 30. Qc4 Qxc4 31. Nxc4 Bf8 32. Nxa5 c5 33. dxc5 Ra8 34. Nb3 Rxa4 35. Ra1 Rxa1 36. Nxa1 Ra7 37. c6 1-0

[Event "HUN-chT 0506"]
[Site "Hungary"]
[Date "2006.04.23"]
[Round "11"]
[White "Izsak, Gyula"]
[Black "Mihalko, Jozsef"]
[Result "1/2-1/2"]
[WhiteElo "2434"]
[BlackElo "2303"]
[PlyCount "58"]
[EventDate "2005.10.16"]
[EventType "team"]
[EventRounds "11"]
[EventCountry "HUN"]
[SourceTitle "EXT 2007"]
[Source "ChessBase"]
[SourceDate "2006.11.23"]
[SourceVersion "1"]
[SourceVersionDate "2006.11.23"]
[SourceQuality "1"]

1. d4 f5 2. c4 Nf6 3. Nf3 e6 4. g3 Bb4+ 5. Nbd2 b6 6. Bg2 Bb7 7. a3 Bxd2+ 8. Bxd2 Be4 9. 0-0 0-0 10. Bc3 Qe8 11. Rc1 d6 12. d5 e5 13. Ng5 Bxg2 14. Kxg2 Qg6 15. Ne6 Rf7 16. e3 Ne4 17. f3 Ng5 18. Nxg5 Qxg5 19. f4 exf4 20. exf4 Qd8 21. Re1 Nd7 22. b4 Nf6 23. Bxf6 Qxf6 24. Qd2 Re7 25. Rxe7 Qxe7 26. Re1 Qd7 27. Qe2 Kf8 28. Qd3 Re8 29. Rxe8+ Kxe8 1/2-1/2

[Event "HUN-chT 0506"]
[Site "Hungary"]
[Date "2006.02.12"]
[Round "7"]
[White "Stohl, Igor"]
[Black "Mihalko, Jozsef"]
[Result "1-0"]
[WhiteElo "2538"]
[BlackElo "2303"]
[PlyCount "75"]
[EventDate "2005.10.16"]
[EventType "team"]
[EventRounds "11"]
[EventCountry "HUN"]
[SourceTitle "EXT 2007"]
[Source "ChessBase"]
[SourceDate "2006.11.23"]
[SourceVersion "1"]
[SourceVersionDate "2006.11.23"]
[SourceQuality "1"]

1. d4 e6 2. g3 f5 3. Bg2 Nf6 4. c4 Bb4+ 5. Nd2 Ne4 6. Ngf3 0-0 7. 0-0 d5 8. Ne5 c6 9. Ndf3 Bd6 10. Qc2 g5 11. Ne1 Nd7 12. N1d3 Bc7 13. b4 h5 14. a4 Qf6 15. cxd5 exd5 16. b5 Bb6 17. e3 Qh6 18. bxc6 Ndf6 19. a5 Bd8 20. Ba3 Re8 21. f3 h4 22. fxe4 dxe4 23. c7 Be6 24. cxd8Q Raxd8 25. Nc5 hxg3 26. hxg3 Bd5 27. Rxf5 Rxe5 28. Rxf6 Qxf6 29. dxe5 Qxe5 30. Bb2 Qe7 31. Qc3 Kh7 32. Rd1 Kg6 33. Rxd5 Rxd5 34. Bxe4+ Rf5 35. g4 Qf8 36. Bxf5+ Kh6 37. Ne6 Qg8 38. Qf6+ 1-0

[Event "HUN-chT 0506"]
[Site "Hungary"]
[Date "2005.10.16"]
[Round "1"]
[White "Nagy, Ervin"]
[Black "Mihalko, Jozsef"]
[Result "1/2-1/2"]
[WhiteElo "2304"]
[BlackElo "2303"]
[PlyCount "34"]
[EventDate "2005.10.16"]
[EventType "team"]
[EventRounds "11"]
[EventCountry "HUN"]
[SourceTitle "EXT 2007"]
[Source "ChessBase"]
[SourceDate "2006.11.23"]
[SourceVersion "1"]
[SourceVersionDate "2006.11.23"]
[SourceQuality "1"]

1. e4 c5 2. Nf3 Nc6 3. d4 cxd4 4. Nxd4 a6 5. Nc3 e6 6. g3 Qc7 7. Bg2 Nf6 8. 0-0 Be7 9. Nde2 0-0 10. b3 b5 11. Bb2 Bb7 12. Nf4 Rac8 13. Rc1 d6 14. a4 Qb6 15. Re1 b4 16. Nb1 Rfd8 17. Nd2 Na5 1/2-1/2

[Event "Balaton Cup"]
[Site "Balaton"]
[Date "2005.08.26"]
[Round "7"]
[White "Kukel, Imre1111"]
[Black "Mihalko, Jozsef"]
[Result "0-1"]
[WhiteElo "2249"]
[BlackElo "2298"]
[PlyCount "52"]
[EventDate "2005.08.22"]
[EventType "swiss"]
[EventRounds "9"]
[EventCountry "HUN"]
[SourceTitle "EXT 2008"]
[Source "ChessBase"]
[SourceDate "2007.11.25"]
[SourceVersion "1"]
[SourceVersionDate "2007.11.25"]
[SourceQuality "1"]

1. e4 e6 2. d4 d5 3. Nc3 c5 4. exd5 exd5 5. Bb5+ Nc6 6. Nf3 a6 7. Qe2+ Be6 8. Bxc6+ bxc6 9. 0-0 Bd6 10. dxc5 Bxc5 11. Be3 Bd6 12. Nd4 Nf6 13. Bg5 0-0 14. Nxe6 fxe6 15. Qxe6+ Kh8 16. Rad1 Qb8 17. Rd3 Bxh2+ 18. Kh1 Bf4 19. Bxf4 Qxf4 20. Rf3 Qc7 21. g3 Rae8 22. Qh3 d4 23. Na4 c5 24. Kg2 Qc6 25. Rh1 h6 26. g4 Nh7 0-1

[Event "Balaton Cup"]
[Site "Balaton"]
[Date "2005.08.25"]
[Round "5"]
[White "Varga, Zoltan"]
[Black "Mihalko, Jozsef"]
[Result "1-0"]
[WhiteElo "2497"]
[BlackElo "2298"]
[PlyCount "93"]
[EventDate "2005.08.22"]
[EventType "swiss"]
[EventRounds "9"]
[EventCountry "HUN"]
[SourceTitle "EXT 2008"]
[Source "ChessBase"]
[SourceDate "2007.11.25"]
[SourceVersion "1"]
[SourceVersionDate "2007.11.25"]
[SourceQuality "1"]

1. e4 c6 2. c4 d5 3. cxd5 cxd5 4. exd5 Qxd5 5. Nc3 Qa5 6. Bc4 Nf6 7. Nf3 e6 8. 0-0 a6 9. d4 b5 10. Bb3 b4 11. Na4 Bb7 12. Bf4 Nbd7 13. Rc1 Nd5 14. Bg3 Be7 15. Ne5 N7f6 16. Nc5 Bxc5 17. Ba4+ Kf8 18. dxc5 Rc8 19. Nc4 Qd8 20. Nd6 Rc7 21. c6 Bc8 22. Nb7 Bxb7 23. Bxc7 Qxc7 24. cxb7 Qxb7 25. Bc6 Qb8 26. Bxd5 Nxd5 27. Qd4 f6 28. Rc6 Kf7 29. Re1 Nf4 30. Rb6 Rd8 31. Qxb4 Ne2+ 32. Kf1 Qxh2 33. Rb7+ Kg8 34. Qg4 Qh6 35. Qxe6+ Kh8 36. Rd7 Rb8 37. Re7 Qh5 38. Qf7 Qxf7 39. Rxf7 Kg8 40. Ra7 Nf4 41. b3 Rc8 42. g3 Nd3 43. Ree7 g5 44. Rg7+ Kh8 45. Rxh7+ Kg8 46. Rag7+ Kf8 47. Rh8+ 1-0

[Event "Balaton Cup"]
[Site "Balaton"]
[Date "2005.08.23"]
[Round "2"]
[White "Mihalko, Jozsef"]
[Black "Markhot, Zsuzsa"]
[Result "1-0"]
[WhiteElo "2298"]
[BlackElo "1974"]
[PlyCount "45"]
[EventDate "2005.08.22"]
[EventType "swiss"]
[EventRounds "9"]
[EventCountry "HUN"]
[SourceTitle "EXT 2008"]
[Source "ChessBase"]
[SourceDate "2007.11.25"]
[SourceVersion "1"]
[SourceVersionDate "2007.11.25"]
[SourceQuality "1"]

1. e4 c5 2. Nf3 e6 3. c3 d5 4. exd5 exd5 5. d4 Nc6 6. Bb5 Nf6 7. 0-0 Be7 8. dxc5 Bxc5 9. Bg5 Be6 10. Nbd2 0-0 11. Nb3 Be7 12. Nfd4 Qc7 13. Bh4 Ne4 14. Bxe7 Nxe7 15. Re1 Qb6 16. Bd3 Bf5 17. Bxe4 dxe4 18. Nxf5 Nxf5 19. Rxe4 Rad8 20. Qf3 g6 21. Rb4 Qc6 22. Qxc6 bxc6 23. Rb7 1-0

[Event "HUN-chT2 Barcza 0203"]
[Site "Hungary"]
[Date "2003.04.13"]
[Round "11"]
[White "Mihalko, Jozsef"]
[Black "Zambo, Zoltan"]
[Result "1-0"]
[WhiteElo "2331"]
[BlackElo "2200"]
[PlyCount "149"]
[EventDate "2002.09.22"]
[EventType "team"]
[EventRounds "11"]
[EventCountry "HUN"]
[SourceTitle "EXT 2009"]
[Source "ChessBase"]
[SourceDate "2008.11.26"]
[SourceVersion "1"]
[SourceVersionDate "2008.11.26"]
[SourceQuality "1"]

1. e4 c6 2. d4 g6 3. Nc3 d5 4. h3 Bg7 5. Nf3 dxe4 6. Nxe4 Nf6 7. Nxf6+ Bxf6 8. c3 Be6 9. Bd3 Qb6 10. Qe2 0-0 11. 0-0 Nd7 12. Ng5 Bd5 13. Be3 h6 14. Ne4 Bxe4 15. Bxe4 Bg7 16. d5 Qc7 17. dxc6 bxc6 18. Rad1 Kh7 19. Qa6 Nb6 20. a4 f5 21. Bf3 e6 22. Bc5 Rfe8 23. Rd6 Nd7 24. Qxc6 Qxc6 25. Rxc6 Ne5 26. Rc7 Nxf3+ 27. gxf3 Rac8 28. Rxc8 Rxc8 29. Bxa7 Ra8 30. Bc5 Rxa4 31. Rd1 Rc4 32. Bd6 Kg8 33. Kf1 Kf7 34. f4 Rc6 35. Ke2 Rb6 36. Rd2 Rc6 37. Ke3 g5 38. Kf3 Rc4 39. Bb8 Ke7 40. Bd6+ Ke8 41. fxg5 hxg5 42. Re2 Kf7 43. Be5 Bxe5 44. Rxe5 Kf6 45. Ra5 Rc7 46. Kg3 Rh7 47. b4 f4+ 48. Kg2 e5 49. b5 Ke6 50. b6 Rb7 51. Rb5 Kd6 52. Kf3 Kc6 53. Rxe5 Kxb6 54. Rxg5 Rc7 55. Kxf4 Rxc3 56. Kg4 Rc2 57. f4 Kc7 58. Rd5 Rg2+ 59. Kf5 Rg3 60. Kf6 Rxh3 61. f5 Rf3 62. Kg6 Rg3+ 63. Kf7 Rg5 64. Ke6 Rh5 65. Rd7+ Kc6 66. Rd1 Kc7 67. f6 Rh2 68. f7 Re2+ 69. Kf6 Rf2+ 70. Ke7 Re2+ 71. Kf8 Rf2 72. Rg1 Kd6 73. Kg7 Ke7 74. f8Q+ Rxf8 75. Re1+ 1-0

[Event "HUN-chT2 Barcza 0203"]
[Site "Hungary"]
[Date "2003.02.16"]
[Round "7"]
[White "Mihalko, Jozsef"]
[Black "Balogh, Sandor"]
[Result "1-0"]
[WhiteElo "2331"]
[BlackElo "2154"]
[PlyCount "93"]
[EventDate "2002.09.22"]
[EventType "team"]
[EventRounds "11"]
[EventCountry "HUN"]
[SourceTitle "EXT 2009"]
[Source "ChessBase"]
[SourceDate "2008.11.26"]
[SourceVersion "1"]
[SourceVersionDate "2008.11.26"]
[SourceQuality "1"]

1. e4 Nf6 2. d3 d5 3. e5 Nfd7 4. f4 e6 5. Nf3 c5 6. g3 Nc6 7. Bg2 Be7 8. 0-0 0-0 9. c3 Qb6 10. Qe2 f6 11. exf6 Nxf6 12. Bh3 Nd8 13. Re1 Bd6 14. Nbd2 Re8 15. Ne5 Bxe5 16. fxe5 Nd7 17. Nf3 Nf8 18. Be3 Qc7 19. b4 b6 20. bxc5 bxc5 21. Qf2 Nd7 22. Bf4 Rb8 23. Bg4 Qa5 24. Qc2 Nf8 25. h4 Nc6 26. Be3 Bd7 27. Rf1 Rec8 28. Bd2 Ng6 29. Rae1 Rf8 30. h5 Rxf3 31. Bxf3 Ngxe5 32. Bd1 Nf7 33. Bg4 Qc7 34. Kh2 e5 35. Bf3 Ne7 36. Be3 Qd6 37. Qf2 d4 38. cxd4 cxd4 39. Bc1 Rf8 40. Qg2 Nc6 41. Bd5 Ncd8 42. Qe4 Ne6 43. Rf3 Rc8 44. Ref1 Be8 45. Ba3 Rc2+ 46. Kg1 Qd7 47. Qxe5 1-0

[Event "HUN-chT2 Barcza 0203"]
[Site "Hungary"]
[Date "2002.09.22"]
[Round "1"]
[White "Vasvari, Tamas"]
[Black "Mihalko, Jozsef"]
[Result "0-1"]
[WhiteElo "2213"]
[BlackElo "2331"]
[PlyCount "62"]
[EventDate "2002.09.22"]
[EventType "team"]
[EventRounds "11"]
[EventCountry "HUN"]
[SourceTitle "EXT 2009"]
[Source "ChessBase"]
[SourceDate "2008.11.26"]
[SourceVersion "1"]
[SourceVersionDate "2008.11.26"]
[SourceQuality "1"]

1. c4 Nf6 2. Nc3 e6 3. d4 Bb4 4. Qc2 0-0 5. Nf3 c5 6. e3 b6 7. Bd3 d5 8. 0-0 dxc4 9. Be4 Nd5 10. Bxh7+ Kh8 11. Nxd5 exd5 12. a3 Ba5 13. Ne5 Qf6 14. f4 Nc6 15. Rf3 cxd4 16. Nxc6 d3 17. Bxd3 cxd3 18. Qxd3 Qxc6 19. b4 Qf6 20. Ra2 Bf5 21. Qd2 Bxb4 22. axb4 Qc6 23. Bb2 f6 24. Qf2 Qc4 25. Ra1 Qxb4 26. Ba3 Qc3 27. Ra2 Qd3 28. h3 Rfc8 29. Kh2 Kg8 30. e4 Qxe4 31. Re2 Rc2 0-1

[Event "Piremon Nyirsegi Torna op"]
[Site "Nyiregyhaza"]
[Date "2002.07.05"]
[Round "7"]
[White "Mester, Gyula"]
[Black "Mihalko, Jozsef"]
[Result "1-0"]
[WhiteElo "2419"]
[BlackElo "2331"]
[PlyCount "83"]
[EventDate "2002.06.29"]
[EventType "swiss"]
[EventRounds "9"]
[EventCountry "HUN"]
[SourceTitle "EXT 2004"]
[Source "ChessBase"]
[SourceDate "2003.11.25"]
[SourceVersion "1"]
[SourceVersionDate "2003.11.25"]
[SourceQuality "1"]

1. d4 Nf6 2. g3 e6 3. Bg2 c5 4. Nf3 Qa5+ 5. Nbd2 cxd4 6. Nxd4 Nc6 7. N4b3 Qc7 8. e4 d6 9. 0-0 Be7 10. a4 b6 11. Nb1 0-0 12. Na3 Bb7 13. Nb5 Qd7 14. Bf4 Rfd8 15. Qe2 a6 16. Na3 Qc7 17. Rfd1 Rac8 18. Rd2 Ne5 19. Rad1 Ng6 20. Rd3 Bc6 21. a5 b5 22. c3 Nxf4 23. gxf4 Qb7 24. Re1 b4 25. cxb4 Qxb4 26. Nc2 Qb8 27. Nbd4 Bb7 28. Rb3 Qa8 29. Na3 d5 30. e5 Nd7 31. f5 Nf8 32. Rg3 Bc5 33. Qg4 g6 34. f6 Qa7 35. Qf4 Nd7 36. Nac2 Kf8 37. Rh3 h5 38. Nxe6+ Ke8 39. Ng7+ Kf8 40. Ne6+ Ke8 41. Ng7+ Kf8 42. Qh6 1-0